Statistics for Top 100 Biggest Cities in Oregon

Click here to take the quiz!

General Stats

  • This quiz has been taken 44 times
  • The average score is 23 of 100

Answer Stats

PopulationCity% Correct
583,776Portland
97%
154,637Salem
97%
156,185Eugene
82%
76,639Bend
71%
105,594Gresham
62%
89,803Beaverton
62%
74,907Medford
62%
91,611Hillsboro
59%
54,462Corvallis
53%
20,840Klamath Falls
47%
50,158Albany
47%
9,477Astoria
44%
20,078Ashland
44%
15,967Coos Bay
44%
34,533Grants Pass
41%
11,366Ontario
41%
59,403Springfield
41%
32,187McMinnville
38%
13,620The Dalles
38%
36,619Lake Oswego
38%
48,035Tigard
35%
31,859Oregon City
35%
26,215Redmond
35%
16,612Pendleton
35%
9,989Newport
32%
7,167Hood River
32%
7,930Lincoln City
32%
36,478Keizer
32%
21,181Roseburg
29%
26,054Tualatin
29%
4,935Tillamook
29%
9,828Baker City
26%
6,336Brookings
26%
15,962Troutdale
26%
13,082La Grande
26%
16,745Hermiston
26%
24,080Woodburn
24%
8,466Florence
24%
18,194Sherwood
24%
49,42Aloha
24%
15,518Lebanon
24%
14,583Dallas
24%
19,509Wilsonville
24%
9,253Prineville
24%
22,068Newberg
24%
6,457Seaside
24%
12,883St. Helens
21%
25,109West Linn
21%
21,083Forest Grove
21%
7,515Green
18%
9,534Monmouth
18%
9,686Cottage Grove
18%
5,392Junction City
18%
6,906Umatilla
18%
13,903Happy Valley
18%
15,829Canby
15%
9,570Sandy
15%
6,046Madras
15%
7,644Stayton
15%
4,989Warrenton
15%
9,222Silverton
15%
7,810Sutherlin
15%
8,925Sweet Home
15%
20,291Milwaukee
15%
6,592Scappoose
12%
6,066Talent
12%
5,031Creswell
12%
4,584Philomath
12%
9,695North Bend
12%
10,539Damascus
12%
11,497Gladstone
9%
19,936Hayesville
9%
19,257Altamont
9%
17,169Central Point
9%
6,127Sheridan
9%
8,590Independence
9%
11,869Cornelius
6%
5,896Raleigh Hills
6%
16,629Oak Grove
6%
15,947Four Corners
6%
6,554West Slope
6%
8,920Fairview
6%
8,108Molalla
6%
7,975White City
6%
8,469Eagle Point
3%
5,379Winston
3%
7,050Milton-Freewater
3%
7,315Jennings Lodge
3%
4,864Mount Hood VIllage
0%
20,646Bethany
0%
8,300Cedar Hills
0%
5,077Deschutes River Woods
0%
11,333Oak Hills
0%
8,001West Haven-Sylvan
0%
6,674Garden Home-Whitford
0%
9,133Bull Mountain
0%
9,316Rockcreek
0%
14,546Cedar Mill
0%
13,415Oatfield
0%
5,912Roseburg North
0%

Score Distribution

Percentile by Number Answered

Percent of People with Each Score

Your Score History

You have not taken this quiz